000 00418cam a22001457a 4500
008 180718b1998 xxu||||| |||| 00| 0 eng d
082 _aT19x54 P882
100 _aPrasad, Pradhan H.
245 _aIndia after 1991
_cby Pradhan H. Prasad
260 _aPatna
_bMarut Pub.
_c1998
300 _a76p.
650 _aInternational relations
650 _aGlobalization - India
650 _aIndia - Economic conditions - 1991-
999 _c492514
_d492514